| 000 | 00000cam 2200000zi 4500 |
| 001 | 9.961865 |
| 003 | CaOODSP |
| 005 | 20260603161010 |
| 006 | m o d f |
| 007 | cr cn |||||||| |
| 008 | 260413t20262026onc ob f000 0 eng d |
| 020 | |a9780660995199 |
| 040 | |aCaOODSP|beng|erda|cCaOODSP |
| 043 | |an-cn--- |
| 086 | 1 |aBT48-61/2026E-PDF |
| 245 | 00|aGuide on departmental AI responsibilities. |
| 246 | 3 |aGuide on departmental artificial intelligence responsibilities |
| 264 | 1|aOttawa, Ontario : |bTreasury Board of Canada Secretariat = Secrétariat du Conseil du trésor du Canada, |c2026. |
| 264 | 4|c©2026 |
| 300 | |a1 online resource (10 pages) |
| 336 | |atext|btxt|2rdacontent |
| 337 | |acomputer|bc|2rdamedia |
| 338 | |aonline resource|bcr|2rdacarrier |
| 500 | |aIssued also in French under title: Guide sur les responsabilités ministérielles en matière d'IA. |
| 500 | |a"Published: 2026-01-19." |
| 504 | |aIncludes bibliographical references (page 9). |
| 650 | 0|aArtificial intelligence|xGovernment policy|zCanada. |
| 710 | 1 |aCanada. |bTreasury Board, |eissuing body. |
| 775 | 08|tGuide sur les responsabilités ministérielles en matière d'IA.|w(CaOODSP)9.961864 |
| 856 | 40|qPDF|s864 KB|uhttps://publications.gc.ca/collections/collection_2026/sct-tbs/BT48-61-2026-eng.pdf |
| 856 | 4 |qHTML|sN/A|uhttps://www.canada.ca/en/government/system/digital-government/digital-government-innovations/guide-departmental-ai-responsibilities.html |